A Tiszai Ágostai Hitvallásu Evangyélmi Egyházkerület 1870-ik Évi Tiszti Névtára : Statistikai Adatokkal Megtoldva. Hivatalos Kiadás.

Podrobná bibliografia
Korporácia: Kováč, Michal (Printer), Muséum a Bibliotéka V "Dome." (Signer)
Ďalší autori: Derencsényi (Signer)
Médium: Kniha
Jazyk:Hungarian
Vydané: Rozsnyón : Ny. Kovács Mihály gyorssajtóján, 1870
Témy:
Signatúra: II.126397
LEADER 01388nam a2200373 a 4500
001 000000779
005 20130906144443.0
008 000927s1870 xo e hun
FMT
040 |a SVKKK  |b slo  |c SVKKK  |e AACR2 
041 0 |a hun 
044 |a xo  |c SK 
080 |a 284 
130 0 |a Tiszti Névtár 
245 0 2 |a A Tiszai Ágostai Hitvallásu Evangyélmi Egyházkerület 1870-ik Évi Tiszti Névtára :  |b Statistikai Adatokkal Megtoldva. Hivatalos Kiadás. 
260 |a Rozsnyón :  |b Ny. Kovács Mihály gyorssajtóján,  |c 1870 
300 |a 31,[1] s. [1]/8-2/8 [=16] list.  |c 8°. 21x13,5 cm  |e 2 tab. 
500 |a Linka ozdobná, strany v link. ráme, typograf. ozdoby. 
510 4 |a Kolodziejský 352/2366 
561 |a Peč.: Štátna vedecká knižnica v Košiciach; Muséum a Bibliotéka V "Dome." Rkp.: Derencsényi. 
563 |a Brož., modrý papier, pred. obálka s rámcovou ornam.-link. výzd., linkou ozdobnou a údajmi ako na titl. liste. 
653 1 |a evanjelická cirkev 
653 1 |a potiský dištrikt 
653 2 |a zoznamy 
700 0 |a Derencsényi  |4 sgn 
710 0 |a Kováč, Michal  |c Rožňava  |d 1864-1909  |4 prt 
710 0 |a Muséum a Bibliotéka V "Dome."  |4 sgn 
752 |a Slovensko  |d Rožňava 
852 |p II.126397 
904 |a a---y----la------yyya-0001-- 
905 |a g--a0cb-  |5 ------- 
910 |a svkkk 
998 |a MALETL 
BAS